00975cam a22002895a 4500001001000000003000400010005001700014008004100031020002500072040003600097082002100133245006400154246002300218250001200241260004300253300004000296500002900336500002400365504004100389650002500430651001000455653002100465700002900486942000800515999001700523952014500540016931368OSt20160308151224.0141028t2014 moua frb 001 0 eng d a9780323186964 (pbk.) aStDuBDSbengcStDuBDSdEG-ScBUE04a617.643222bMOS00aMosby's orthodontic review /cJeryl D. English ... [et al.]30aOrthodontic review a2nd ed. aMissouri :bElsevier / Mosby,cc.2015. axi, 355 p. :bill. (col.) ;c28 cm. aPrevious edition : 2009. aIndex : p. 341-355. aIncludes bibliographical references. 0aOrthodontics.2BUEsh 2BUEsh bDDentcMarch20161 aEnglish, Jeryl D.939497 2ddc c21339d21311 00102ddc4070aMAINbMAINc1STd2016-03-08ePurchaseg1300.00l5m51o617.643 MOSp000031902r2025-07-15 00:00:00s2019-11-02v1625.00yBB